000 00193 a2200097 4500
001 8243
100 _aDumas, A
245 _aTwenty years after
260 _a
_bCollins
_c
090 _c6627
_d6627
942 _aNUST-CAE
_cM
_c33186
999 _c243316
_d243316